| 000 | 01353cam a22003857a 4500 | ||
|---|---|---|---|
| 003 | CHAP | ||
| 005 | 20220329143047.0 | ||
| 008 | 051122d2005 mx a r 00110 spa d | ||
| 010 | _a91360 | ||
| 011 | _a92332 | ||
| 035 | _a102896 | ||
| 040 | _cCHAP | ||
| 090 | _aTesis | ||
| 100 | 0 | 0 |
_aCadena Arnau, Miguel Angel. _917042 |
| 245 | 1 | 0 |
_aGuía técnica para la cría y manejo de tepezcuintle (Agouti paca) en cautiverio estricto _c/por Miguel Angel Cadena Arnau |
| 260 |
_aChapingo, Méx. : _bEl autor, _c2005. |
||
| 300 |
_a114 h. : _bilus.; gráfs.; cuadros. |
||
| 502 | _aTesis ( Ing. Agr. Esp. en Zootecnia ) -- UACH. Departamento de Zootecnia | ||
| 590 |
_aALEPH _b10 _c20130110 _lUCH01 _h1507 |
||
| 590 |
_aBATCH-UPD _b10 _c20130110 _lUCH01 _h0247 |
||
| 590 |
_aBATCH-UPD _b10 _c20130110 _lUCH01 _h1644 |
||
| 590 |
_aBATCH-UPD _b10 _c20130410 _lUCH01 _h1303 |
||
| 590 |
_aBATCH-UPD _b10 _c20130913 _lUCH01 _h1955 |
||
| 590 |
_aCONVERSION _b10 _c20130109 _lUCH01 _h1351 |
||
| 650 | 1 | 4 |
_aAgouti paca. _91136 |
| 650 | 1 | 4 |
_aCriaderos. _928925 |
| 650 | 1 | 4 |
_aReproducción animal. _996028 |
| 650 | 1 | 4 |
_aTuzas. _9115712 |
| 650 | 1 | 4 |
_aVida silvestre. _9119155 |
| 901 | _aBK | ||
| 905 | _aElisama A. H. | ||
| 942 | _cFOLL | ||
| 949 |
_aTesis _bBC _cTES _d102896 _eTS1 _h43945 _i102896 _sb |
||
| 949 |
_aTesis _bBC _cTES _d33724000969184 _eTS2 _fc.2 _h43946 _i102896 _si |
||
| 999 |
_c91360 _d91360 |
||